| 000 | 00619nam a2200193Ia 4500 | ||
|---|---|---|---|
| 005 | 20250508162213.0 | ||
| 008 | 008 250505s9999 xx 000 0 eng d | ||
| 037 | _aTextual | ||
| 040 |
_aFEDL _beng _cFEDL |
||
| 041 |
_aeng _2eng |
||
| 084 |
_a374, RAO _qFEDL |
||
| 100 | _aRao T V | ||
| 245 | 0 | _aAdult education for social change: A study of the national adult education programme in Rajasthan | |
| 260 |
_aNew Delhi, India _bManohar Publishers and Distributors _c1980 |
||
| 300 | _ax,192p. | ||
| 700 |
_a Bhatt Anil Rao T P Rama _9772573 |
||
| 942 |
_cTEXL _h374, RAO |
||
| 999 |
_c1374998 _d1374998 |
||